[Event "Young Stars of the World"]
[Site "Kirishi RUS"]
[Date "2005.05.19"]
[Round "6"]
[White "Negi,P"]
[Black "Zhigalko,S"]
[Result "1/2-1/2"]
[WhiteElo "2349"]
[BlackElo "2462"]
[EventDate "2005.05.14"]

1. e4 c5 2. Nf3 Nc6 3. Bb5 g6 4. Bxc6 dxc6 5. d3 Bg7 6. h3 Nf6 7. Nc3 Nd7
8. O-O e5 9. Be3 Qe7 10. Qd2 h6 11. Nh2 Nf8 12. f4 exf4 13. Rxf4 Be6 14. a3
Nd7 15. Rb1 O-O 16. b4 cxb4 17. axb4 Rae8 18. Ne2 f5 19. Bd4 fxe4 20. Rxe4
Nf6 21. Bxf6 Qxf6 22. Rf1 Qd8 23. Rxf8+ Kxf8 24. Qf4+ Bf7 25. Ng3 g5 26.
Rxe8+ Qxe8 27. Qd6+ Kg8 28. Ng4 Qf8 29. Qc7 Qxb4 30. Nf5 Qb5 31. Nge3 Qb6
32. Qc8+ Kh7 33. Qd7 Kg8 34. d4 c5 35. Nd6 Bg6 36. Nd5 Qb1+ 37. Kh2 Qf1 38.
Ne7+ Kh7 39. Nef5 Qf4+ 40. Kg1 Qc1+ 41. Kf2 Qxc2+ 42. Kg3 Qb3+ 43. Kh2 Qg8
44. dxc5 Qf8 45. g4 Bxf5 46. gxf5 Qf6 47. Qxb7 a5 48. Qa7 Qb2+ 49. Kh1 Qa1+
50. Kg2 a4 51. Qf7 Qb2+ 52. Kf1 Qc1+ 53. Ke2 Qc2+ 54. Ke1 Qc3+ 55. Kd1 Qd4+
56. Ke2 Qb2+ 57. Kd1 Qa1+ 58. Ke2 Qe5+ 59. Kd1 a3 60. Nc4 a2 61. Nxe5 a1=Q+
62. Kd2 Qxe5 63. Qg6+ Kh8 64. c6 Bf8 65. Qe6 Qd6+ 66. Ke2 Kg7 67. h4 Qxe6+
68. fxe6 Bd6 69. hxg5 hxg5 70. Kf3 Kf6 71. Kg4 Bf4 72. c7 Bxc7 73. e7 Kxe7
74. Kxg5 1/2-1/2

[Event "Young Stars of the World"]
[Site "Kirishi RUS"]
[Date "2005.05.19"]
[Round "6"]
[White "Alekseev,Evgeny"]
[Black "Nepomniachtchi,I"]
[Result "1/2-1/2"]
[WhiteElo "2597"]
[BlackElo "2505"]
[EventDate "2005.05.14"]

1. d4 Nf6 2. Nf3 g6 3. Bf4 Bg7 4. e3 O-O 5. h3 d6 6. Be2 c5 7. c3 Nbd7 8.
O-O b6 9. Nbd2 Bb7 10. Bh2 Qc7 11. Bd3 Rfe8 12. Re1 e5 13. e4 a6 14. a4 h6
15. b4 Nh5 16. Qb3 Rab8 17. Rab1 Qd8 18. Bc4 Qe7 19. Bd5 Bc8 20. Bc6 cxd4
21. cxd4 Nf4 22. Rbd1 b5 23. axb5 axb5 24. Nf1 Rb6 25. Rc1 Rd8 26. Ne3 Nb8
27. Bd5 Kh7 28. Qc2 Na6 29. Qd2 Nc7 30. Bb3 Bb7 31. Nf1 Nce6 32. Rcd1 Ng5
33. Bxf4 Nxf3+ 34. gxf3 exf4 35. Qxf4 d5 36. exd5 Qxb4 37. Re3 Rd7 38. Ng3
Rf6 39. Qe4 Rfd6 40. Qe8 Bxd5 41. Bxd5 Rxd5 42. Rc1 Qxd4 43. Rc8 h5 44. Kg2
Kh6 45. Rc6 Kh7 46. Rc8 Qf6 47. Rb8 h4 48. Ne4 Qf4 49. Rxb5 Be5 50. Rxd5
Rxd5 51. Kf1 Kg7 52. Ke2 Qf5 53. Ra3 Qd7 54. Qxd7 Rxd7 55. Ra4 Bd4 56. f4
Rd5 57. Rc4 Ba7 58. Ra4 Bb8 59. Ng5 Rf5 60. Nf3 1/2-1/2

[Event "Young Stars of the World"]
[Site "Kirishi RUS"]
[Date "2005.05.19"]
[Round "6"]
[White "Lintchevski,D"]
[Black "Sjugirov,S"]
[Result "1-0"]
[WhiteElo "2269"]
[BlackElo "2381"]
[EventDate "2005.05.14"]

1. e4 c5 2. Nf3 d6 3. d4 cxd4 4. Qxd4 Bd7 5. c4 Nc6 6. Qd2 Nf6 7. Nc3 g6 8.
b3 Bg7 9. Bb2 O-O 10. h3 Qa5 11. Bd3 a6 12. O-O b5 13. Nd5 Qxd2 14. Nxd2
Nxd5 15. Bxg7 Kxg7 16. cxd5 Nb4 17. Be2 Rfc8 18. Rfd1 Rc3 19. Kf1 Rac8 20.
Nf3 Nc2 21. Rab1 Na3 22. Ra1 a5 23. Nd4 b4 24. Bd3 Kf6 25. Ne2 R3c5 26. Nd4
g5 27. Ke2 e5 28. dxe6 fxe6 29. Kd2 d5 30. Rac1 e5 31. Ne2 d4 32. Rxc5 Rxc5
33. Rc1 Rxc1 34. Nxc1 h5 35. f3 h4 36. Bf1 Nb1+ 37. Kc2 Nc3 38. Bd3 g4 39.
hxg4 Kg5 40. Bc4 Kf4 41. Nd3+ Kg3 42. g5 Be8 43. Nxe5 Kxg2 44. g6 Bxg6 45.
Nxg6 h3 46. Nf4+ Kxf3 47. Nxh3 Kxe4 48. Nf2+ Kf3 49. Nd1 Nxa2 50. Kd3 Nc3
51. Nb2 Ne2 52. Na4 Kf2 53. Nc5 Ke1 54. Nb7 Kd1 55. Nxa5 Nc1+ 56. Kxd4 Kc2
57. Bg8 Kb2 58. Kc4 Ka3 59. Bd5 Na2 60. Bf3 Kb2 61. Nc6 Ka3 62. Bh5 Nc1 63.
Bd1 Na2 64. Bc2 Nc1 65. Nxb4 Nxb3 66. Bxb3 Kb2 67. Nc2 Kc1 68. Kc3 Kb1 69.
Bc4 Kc1 70. Ba2 Kd1 71. Nd4 Kc1 72. Ne2+ Kd1 73. Kd3 Ke1 74. Ke3 Kd1 75.
Bb3+ Ke1 76. Nf4 Kf1 77. Bd1 Ke1 78. Bf3 Kf1 79. Nd3 Kg1 80. Kf4 Kh2 81.
Kg4 Kg1 82. Kg3 Kf1 83. Bg4 Kg1 84. Bh3 Kh1 85. Nf4 1-0

[Event "Young Stars of the World"]
[Site "Kirishi RUS"]
[Date "2005.05.19"]
[Round "6"]
[White "Karjakin,Sergey"]
[Black "Kuzubov,Y"]
[Result "1/2-1/2"]
[WhiteElo "2635"]
[BlackElo "2558"]
[EventDate "2005.05.14"]

1. e4 c5 2. Nf3 d6 3. d4 cxd4 4. Nxd4 Nf6 5. Nc3 a6 6. Be3 e5 7. Nb3 Be6 8.
Qd2 Nbd7 9. O-O-O Qc7 10. f4 b5 11. Kb1 Be7 12. f5 Bc4 13. a3 Rb8 14. Bd3
a5 15. Qe2 b4 16. axb4 Bxd3 17. Qxd3 Rxb4 18. Nb5 Qb7 19. Nxd6+ Bxd6 20.
Qxd6 Nxe4 21. Qd3 Qb5 22. Qxb5 Rxb5 23. Rd3 a4 24. Rhd1 axb3 25. Rxd7 bxc2+
26. Kxc2 O-O 27. R1d5 Rbb8 28. Rc7 Nf6 29. Rxe5 Ng4 30. Re4 Nxe3+ 31. Rxe3
Rb5 32. g4 h5 33. h3 hxg4 34. hxg4 Rb4 35. Rg3 Rf4 36. b3 g6 37. Rc4 Rf2+
38. Kc3 Kg7 39. fxg6 Kxg6 40. Rd3 Rf1 41. b4 Rb8 42. Re4 f5 43. Rd6+ Kg5
44. Rd5 Rf3+ 45. Kc2 Rd8 46. Rxd8 fxe4 47. Re8 1/2-1/2

[Event "Young Stars of the World"]
[Site "Kirishi RUS"]
[Date "2005.05.20"]
[Round "7"]
[White "Kuzubov,Y"]
[Black "Khairullin,I"]
[Result "0-1"]
[WhiteElo "2558"]
[BlackElo "2517"]
[EventDate "2005.05.14"]

1. c4 Nf6 2. Nc3 g6 3. d4 Bg7 4. e4 d6 5. f3 O-O 6. Be3 e5 7. d5 c6 8. Nge2
cxd5 9. cxd5 a6 10. Nc1 Nh5 11. g3 f5 12. Be2 Nd7 13. Nd3 Ndf6 14. O-O f4
15. Bf2 fxg3 16. hxg3 Bh3 17. Re1 Nxg3 18. Bxg3 Nh5 19. Kh2 Qg5 20. Rg1 Qh6
21. Rh1 Bf6 22. Qe1 Bd7 23. Kg2 Qg5 24. Qf2 Bd8 25. Rh2 Bg4 26. Rah1 b5 27.
Qe1 Bd7 28. Rxh5 gxh5 29. Kh2 Kh8 30. Rg1 Qh6 31. Qc1 Qf6 32. Qe3 h4 33.
Be1 Be8 34. Nb1 Rb8 35. Rg2 Bh5 36. f4 Bb6 37. fxe5 dxe5 38. Qh3 Bxe2 39.
Rxe2 Qg6 40. Qg2 Qh5 41. Bc3 h3 42. Bxe5+ Qxe5+ 43. Nxe5 hxg2 44. Kxg2 Rb7
45. Nd2 Rg7+ 46. Kh3 Rf6 47. Ng4 Rfg6 48. Nf1 Rxg4 49. e5 R4g6 0-1

[Event "Young Stars of the World"]
[Site "Kirishi RUS"]
[Date "2005.05.20"]
[Round "7"]
[White "Sjugirov,S"]
[Black "Karjakin,Sergey"]
[Result "0-1"]
[WhiteElo "2381"]
[BlackElo "2635"]
[EventDate "2005.05.14"]

1. e4 e5 2. Nf3 Nc6 3. Bb5 a6 4. Ba4 Nf6 5. O-O Be7 6. Re1 b5 7. Bb3 d6 8.
c3 O-O 9. h3 Na5 10. Bc2 c5 11. d4 Qc7 12. Nbd2 cxd4 13. cxd4 Nc6 14. Nf1
exd4 15. Bb1 d5 16. exd5 Nxd5 17. Nxd4 Nxd4 18. Qxd4 Bb7 19. Ne3 Nf4 20.
Nf5 Ne2+ 21. Rxe2 Qxc1+ 22. Kh2 Bf6 23. Qg4 g6 24. Ng3 Qc7 25. Kg1 Bg7 26.
Bd3 Rad8 27. Rd1 Rd4 28. Qg5 Qc6 29. f3 Qd6 30. Qe7 Qxg3 31. Qxb7 Rfd8 32.
Qe7 Bf8 33. Qe3 Bc5 34. Kh1 R4d5 35. Qe4 Bd6 36. Kg1 Qh2+ 37. Kf2 Bg3+ 0-1

[Event "Young Stars of the World"]
[Site "Kirishi RUS"]
[Date "2005.05.20"]
[Round "7"]
[White "Nepomniachtchi,I"]
[Black "Lintchevski,D"]
[Result "1-0"]
[WhiteElo "2505"]
[BlackElo "2269"]
[EventDate "2005.05.14"]

1. e4 c5 2. Nf3 e6 3. d4 cxd4 4. Nxd4 Nf6 5. Nc3 Nc6 6. Ndb5 d6 7. Bf4 e5
8. Bg5 a6 9. Na3 b5 10. Nd5 Be7 11. Bxf6 Bxf6 12. c3 Bg5 13. Nc2 Rb8 14.
Qf3 O-O 15. h4 Bh6 16. g4 Bf4 17. Rd1 Re8 18. Be2 Bb7 19. Nxf4 exf4 20.
Qxf4 Ne5 21. f3 Qb6 22. Nb4 Rbd8 23. Nd5 Bxd5 24. Rxd5 Ng6 25. Qd2 Ne7 26.
Rd3 d5 27. e5 Nc6 28. f4 d4 29. g5 dxc3 30. bxc3 b4 31. Qe3 Qa5 32. Kf2
Rxd3 33. Qxd3 bxc3 34. Rc1 Nxe5 35. fxe5 Qxe5 36. Rxc3 Qh2+ 37. Ke1 Qxh4+
38. Kd1 Qxg5 39. Qxa6 Qg1+ 40. Kd2 h5 41. Qb5 Qd4+ 42. Kc2 Ra8 43. Bc4 Qe4+
44. Kb2 Qf4 45. Qxh5 Qd2+ 46. Rc2 Qd4+ 47. Kb1 Rb8+ 48. Bb3 Qd7 49. Qe5 Re8
50. Qd5 Qe7 51. a4 Rd8 52. Qc4 Qf6 53. Ka2 g6 54. Qc7 Kg7 55. Qc3 Rd4 56.
Kb2 g5 57. a5 g4 58. a6 Rd6 59. a7 Ra6 60. Qxf6+ 1-0

[Event "Young Stars of the World"]
[Site "Kirishi RUS"]
[Date "2005.05.20"]
[Round "7"]
[White "Zhigalko,S"]
[Black "Alekseev,Evgeny"]
[Result "1/2-1/2"]
[WhiteElo "2462"]
[BlackElo "2597"]
[EventDate "2005.05.14"]

1. e4 c5 2. c3 Nf6 3. e5 Nd5 4. Nf3 Nc6 5. d4 cxd4 6. cxd4 d6 7. Bc4 Nb6 8.
Bb5 dxe5 9. Nxe5 Bd7 10. Nxd7 Qxd7 11. Nc3 e6 12. O-O Rc8 13. Be3 a6 14.
Bxc6 Rxc6 15. Qb3 Be7 16. d5 1/2-1/2

[Event "Young Stars of the World"]
[Site "Kirishi RUS"]
[Date "2005.05.20"]
[Round "7"]
[White "Mamedov,Rau"]
[Black "Lenic,L"]
[Result "1-0"]
[WhiteElo "2511"]
[BlackElo "2465"]
[EventDate "2005.05.14"]

1. e4 e5 2. Nf3 Nf6 3. Nxe5 d6 4. Nf3 Nxe4 5. Nc3 Nf6 6. d4 Be7 7. Bd3 Bg4
8. h3 Bh5 9. Be3 c6 10. Qe2 b5 11. O-O-O b4 12. Ne4 Nd5 13. Bd2 Bg6 14. g4
Kf8 15. Rde1 Nd7 16. h4 h5 17. gxh5 Bxh5 18. Ng3 N7f6 19. Nxh5 Nxh5 20. Bc4
Nhf6 21. Ng5 Qd7 22. Qf3 a5 23. Reg1 Re8 24. Bd3 Bd8 25. h5 Bb6 26. Bf5 Qa7
27. h6 gxh6 28. Nh7+ Nxh7 29. Bxh6+ Ke7 30. Bg7 Bxd4 31. Qe4+ Kd8 32. Bxd4
Rxe4 33. Bxa7 Re7 34. Bd4 f6 35. Rh3 Nf4 36. Rxh7 Rhxh7 37. Bb6+ Ke8 38.
Rg8+ Kf7 39. Bxh7 Re1+ 40. Kd2 Rh1 41. Rg4 1-0

[Event "Young Stars of the World"]
[Site "Kirishi RUS"]
[Date "2005.05.22"]
[Round "8"]
[White "Negi,P"]
[Black "Mamedov,Rau"]
[Result "0-1"]
[WhiteElo "2349"]
[BlackElo "2511"]
[EventDate "2005.05.14"]

1. e4 c5 2. Nf3 Nc6 3. Bb5 g6 4. Bxc6 dxc6 5. d3 Bg7 6. h3 e5 7. Be3 Qe7 8.
Qd2 Nf6 9. Bh6 O-O 10. g4 c4 11. Bxg7 Kxg7 12. g5 Nh5 13. Qc3 cxd3 14. cxd3
f6 15. Nbd2 Nf4 16. gxf6+ Qxf6 17. Nxe5 Bxh3 18. d4 Rad8 19. Ndf3 c5 20. d5
Bg2 21. Rh2 Bxf3 22. Nxf3 Nxd5 23. exd5 Qxc3+ 24. bxc3 Rxf3 25. c4 Rf4 26.
Rc1 Re8+ 27. Kf1 Ree4 28. Rh3 Rxc4 29. Rxc4 Rxc4 30. Re3 Rf4 31. Ra3 a6 32.
Rb3 b5 33. Re3 Rd4 34. Re7+ Kh6 35. Ra7 Rxd5 36. Rxa6 Rd2 37. Ra5 b4 38.
Rxc5 Rxa2 39. Rb5 Rb2 40. Kg2 b3 41. Kg3 Rb1 42. Kg4 b2 43. Rb7 g5 44. Kf5
g4 45. Rb6+ Kh5 46. Rb7 h6 47. Rb3 g3 48. Rxg3 Rh1 0-1

[Event "Young Stars of the World"]
[Site "Kirishi RUS"]
[Date "2005.05.22"]
[Round "8"]
[White "Lintchevski,D"]
[Black "Zhigalko,S"]
[Result "1/2-1/2"]
[WhiteElo "2269"]
[BlackElo "2462"]
[EventDate "2005.05.14"]

1. e4 e5 2. Nf3 Nc6 3. d4 exd4 4. Nxd4 Nf6 5. Nxc6 bxc6 6. e5 Qe7 7. Qe2
Nd5 8. c4 Nb6 9. Nc3 a5 10. Qe4 g6 11. Bd3 Bg7 12. f4 O-O 13. Be3 Qb4 14.
O-O-O Rb8 15. Rd2 Na4 16. Nxa4 Qxa4 17. Kb1 d6 18. Bd4 Bf5 19. Qe2 c5 20.
Bc3 Qxc4 21. Bxa5 Ra8 22. Bxf5 Qxf4 23. Qe4 Qxe4+ 24. Bxe4 Rxa5 25. exd6
cxd6 26. Rxd6 Rb8 27. b3 Rxb3+ 28. axb3 Ra1+ 29. Kc2 Rxh1 30. Rd8+ Bf8 31.
Bd5 Rxh2 32. Rd7 Rh5 33. Bxf7+ Kh8 34. Bd5 Re5 35. Kd3 Be7 36. Be4 Kg7 37.
Ke3 Kf6 38. Kf3 Re6 39. Bd5 Re1 40. Bc4 h5 41. Rd2 Kg5 42. Rd5+ Kh6 43. Kf2
Rc1 44. Rd2 g5 45. Rd7 Bf6 46. Rd6 Kg7 47. Rd7+ Kh6 48. Rd6 Kg7 49. Rd7+
Kh8 50. Kf3 Re1 51. Rd5 Be7 52. Kf2 Re4 53. Rf5 h4 54. Rf7 g4 55. Rh7+ Kxh7
56. Bd3 Kg6 57. Bxe4+ Kg5 58. Bc6 Kf4 59. Bd7 Bf6 60. Kg1 Bd4+ 61. Kh1 Kg3
62. Bc8 h3 63. gxh3 Kxh3 64. Bb7 Kg3 65. Bc8 Kf3 66. Bb7+ Kf2 67. Bc6 g3
68. Bb7 1/2-1/2

[Event "Young Stars of the World"]
[Site "Kirishi RUS"]
[Date "2005.05.22"]
[Round "8"]
[White "Karjakin,Sergey"]
[Black "Nepomniachtchi,I"]
[Result "1-0"]
[WhiteElo "2635"]
[BlackElo "2505"]
[EventDate "2005.05.14"]

1. e4 c5 2. Nf3 d6 3. d4 cxd4 4. Nxd4 Nf6 5. Nc3 a6 6. Be3 e5 7. Nb3 Be7 8.
f3 Be6 9. Qd2 O-O 10. O-O-O Nbd7 11. g4 Nb6 12. h4 Qc7 13. Kb1 Rfc8 14. h5
Nfd7 15. g5 a5 16. Nb5 Qc6 17. Rh2 Nc5 18. Nxc5 dxc5 19. h6 Rd8 20. Qe1
Rxd1+ 21. Qxd1 Rd8 22. Qe1 g6 23. Rd2 Rxd2 24. Bxd2 c4 25. Nc3 Nd7 26. f4
exf4 27. Bxf4 Bb4 28. a3 Bf8 29. Bg2 b5 30. Nd5 Bxd5 31. exd5 Qb6 32. d6 b4
33. axb4 axb4 34. Bh3 Qd4 35. Qe3 Qxe3 36. Bxe3 Nb8 37. Bf4 f5 38. gxf6 Kf7
39. d7 Nxd7 40. Bxd7 Kxf6 41. Be3 g5 42. Bb5 Bxh6 43. Bxc4 Bf8 44. Be2 Be7
45. Kc1 Ke5 46. Kd2 h6 47. Kd3 Kd5 48. Bd4 Bf8 49. Bf3+ Ke6 50. Ke4 Bd6 51.
Bg4+ Ke7 52. Kf5 Kd7 53. Bg7 Kc6 54. Bxh6 b3 55. cxb3 Kc5 56. Bxg5 Kb4 57.
Bd1 1-0

[Event "Young Stars of the World"]
[Site "Kirishi RUS"]
[Date "2005.05.22"]
[Round "8"]
[White "Kuzubov,Y"]
[Black "Sjugirov,S"]
[Result "1/2-1/2"]
[WhiteElo "2558"]
[BlackElo "2381"]
[EventDate "2005.05.14"]

1. c4 Nf6 2. Nc3 g6 3. d4 Bg7 4. e4 O-O 5. Be2 d6 6. Bg5 Na6 7. Qd2 e5 8.
d5 c6 9. Nf3 Nc5 10. Bxf6 Bxf6 11. b4 Na6 12. a3 c5 13. Rb1 Be7 14. O-O f5
15. Ne1 f4 16. Qd1 h5 17. Nd3 b6 18. Rb2 Bg5 19. Bf3 Qe8 20. Nb5 Be7 21.
bxc5 bxc5 22. Qe2 Kg7 23. Rfb1 Rh8 24. g4 fxg3 25. fxg3 Rf8 26. h4 Rf6 27.
Rf1 Bh3 28. Bg2 Bg4 29. Qe1 Rxf1+ 30. Bxf1 Qd8 31. Nf2 Bd7 32. Bh3 Bxh3 33.
Nxh3 Rb8 34. Qc3 Qd7 35. Kh2 Bf6 36. Rf2 Qe7 37. Qa5 Rb6 38. Ng1 Qb7 39.
Qc3 Nc7 40. Qf3 Ne8 41. a4 Qd7 42. a5 Ra6 43. Nh3 Qe7 44. Ra2 Qd8 45. Qa3
Qd7 46. Qc3 Kg8 47. Qf3 Qd8 48. Qc3 Qd7 49. Qe1 Bd8 50. Kg2 Kg7 51. Ng1 Nc7
52. Nc3 Ne8 53. Qa1 Nf6 54. Ra3 Ng4 55. Nb5 Nf6 56. Qe1 Qg4 57. Re3 Qd7 58.
Nf3 Ng4 59. Ra3 Kg8 60. Qd2 Qf7 61. Ra2 Qf8 62. Ra1 Kg7 63. Ra3 Qf7 64. Ra2
Qf8 65. Ra1 Qf7 66. Rf1 Qd7 67. Ra1 Qf7 68. Ng5 Bxg5 69. hxg5 Qe7 70. Nc3
Qd8 71. Ne2 Qc7 72. Nc1 Qb7 73. Qc3 Qe7 74. Qd2 Qb7 75. Kg1 Qb8 76. Qc3 Qd8
77. Qd2 Qb8 78. Qc3 Qd8 79. Qd2 1/2-1/2

[Event "Young Stars of the World"]
[Site "Kirishi RUS"]
[Date "2005.05.23"]
[Round "9"]
[White "Sjugirov,S"]
[Black "Khairullin,I"]
[Result "0-1"]
[WhiteElo "2381"]
[BlackElo "2517"]
[EventDate "2005.05.14"]

1. e4 c5 2. Nf3 Nc6 3. Nc3 Nf6 4. Bb5 Qc7 5. O-O Nd4 6. Nxd4 cxd4 7. Nd5
Nxd5 8. exd5 Qc5 9. c4 a6 10. b4 Qxb4 11. Ba4 g6 12. d3 Bg7 13. Bd2 Qa3 14.
Qc2 O-O 15. Rfb1 Qd6 16. Ba5 Bf6 17. Bb6 e6 18. Ba5 Qf4 19. Bd2 Qc7 20. d6
Qxd6 21. Bb4 Qc7 22. Bxf8 Kxf8 23. Qb3 Be7 24. Qb6 Qxb6 25. Rxb6 Bc5 26.
Rb2 b6 27. Rab1 Ke7 28. Bd1 Rb8 29. Bf3 Kd8 30. h4 Kc7 31. g3 d6 32. Kg2
Bd7 33. h5 a5 34. hxg6 hxg6 35. Rh1 a4 36. Rh7 Be8 37. g4 Rd8 38. Rb1 Rd7
39. Be4 a3 40. Rg7 f5 41. Rxd7+ Bxd7 42. Bf3 Ba4 43. gxf5 gxf5 44. Bd1 Bc6+
45. Bf3 Ba4 46. Rc1 Bb4 47. Bd1 Be8 48. Be2 Bc3 49. Rh1 b5 50. cxb5 Bxb5
51. Rh7+ Kc6 52. Bf3+ d5 53. Be2 e5 54. Kf1 Kb6 55. f3 e4 56. fxe4 fxe4 57.
Rh3 Ba4 58. Rh8 Bc2 59. dxe4 dxe4 60. Rd8 d3 61. Bh5 e3 62. Bg4 Bb2 63.
Rb8+ Kc5 64. Rc8+ Kd4 65. Rd8+ Kc3 66. Ke1 Bc1 67. Bh5 Kb2 68. Kf1 Kxa2 69.
Bg6 e2+ 70. Kf2 Bd2 71. Re8 e1=Q+ 72. Rxe1 Bxe1+ 73. Kxe1 Kb2 0-1

[Event "Young Stars of the World"]
[Site "Kirishi RUS"]
[Date "2005.05.23"]
[Round "9"]
[White "Zhigalko,S"]
[Black "Karjakin,Sergey"]
[Result "0-1"]
[WhiteElo "2462"]
[BlackElo "2635"]
[EventDate "2005.05.14"]

1. e4 c5 2. c3 Nf6 3. e5 Nd5 4. Nf3 d6 5. d4 cxd4 6. Bc4 Nb6 7. Bb3 Nc6 8.
exd6 Qxd6 9. O-O Be6 10. Na3 dxc3 11. Qe2 Bxb3 12. Nb5 Qb8 13. axb3 e5 14.
Nbd4 f6 15. bxc3 Kf7 16. Nxc6 bxc6 17. Qe4 Qd6 18. Be3 Nd5 19. c4 Nb4 20.
Bxa7 Qd3 21. Qg4 Be7 22. Rad1 Qg6 23. Qd7 Rhd8 24. Qb7 Rxd1 25. Rxd1 Rd8
26. Rf1 Kf8 27. Bb6 Rd3 28. Qc8+ Qe8 29. Qf5 g6 30. Qe6 Qd7 31. Qxd7 Rxd7
32. Be3 Rd3 33. Rb1 Nc2 34. Kf1 e4 35. Ke2 Bb4 36. h4 Kf7 37. Bd2 Na3 38.
Ra1 Be7 39. Bc1 Nc2 40. Ra2 exf3+ 41. gxf3 Nb4 0-1

[Event "Young Stars of the World"]
[Site "Kirishi RUS"]
[Date "2005.05.23"]
[Round "9"]
[White "Andreikin,D"]
[Black "Lintchevski,D"]
[Result "1/2-1/2"]
[WhiteElo "2495"]
[BlackElo "2269"]
[EventDate "2005.05.14"]

1. d4 d5 2. Nf3 Nf6 3. c4 c6 4. e3 h6 5. Nbd2 Bf5 6. Be2 e6 7. Nh4 Bg6 8.
O-O Nbd7 9. g3 Be7 10. b3 Ne4 11. Nxg6 Nc3 12. Nxh8 Nxd1 13. Rxd1 Kf8 14.
Nxf7 Kxf7 15. Bb2 Bf6 16. e4 g6 17. e5 Be7 18. c5 b6 19. b4 a5 20. a3 Nb8
21. Bc3 Na6 22. Rdb1 axb4 23. axb4 Nc7 24. cxb6 Nb5 25. Bxb5 Rxa1 26. Rxa1
cxb5 27. Nb3 Qxb6 28. Nc5 Bxc5 29. bxc5 Qb7 30. Bb4 g5 31. g4 Ke8 32. Ra3
Kd7 33. Rh3 Qa6 34. Ra3 Qb7 35. Rf3 Qa6 36. Ra3 1/2-1/2

[Event "Young Stars of the World"]
[Site "Kirishi RUS"]
[Date "2005.05.23"]
[Round "9"]
[White "Lenic,L"]
[Black "Negi,P"]
[Result "1/2-1/2"]
[WhiteElo "2465"]
[BlackElo "2349"]
[EventDate "2005.05.14"]

1. Nf3 Nf6 2. g3 b6 3. Bg2 Bb7 4. O-O e6 5. d3 d5 6. Nbd2 Nbd7 7. c4 c5 8.
b3 Bd6 9. Bb2 O-O 10. Rc1 d4 11. e4 e5 12. Nh4 g6 13. f4 exf4 14. gxf4 Nh5
15. e5 Bxg2 16. Nxg2 Be7 17. Qf3 f5 18. b4 Qc7 19. Nb3 Rfd8 20. Rb1 a5 21.
bxa5 bxa5 22. Ba3 Bf8 23. Qd5+ Kh8 24. Qf7 a4 25. Nd2 Re8 26. Nf3 Ng7 27.
Ng5 h6 28. Rf3 Re7 29. Qd5 Rb8 30. Rxb8 Qxb8 31. Nh4 Qe8 32. Rh3 Nh5 33.
Nf7+ Qxf7 34. Qxf7 Rxf7 35. Nxg6+ Kg7 36. Nxf8 Nxf4 37. Rf3 Ne2+ 38. Kf2
Nxe5 39. Ne6+ Kf6 40. Rh3 Ng4+ 41. Kxe2 Kxe6 42. Bxc5 Ke5 43. Bb6 Rb7 44.
c5 Kd5 45. Rh5 Re7+ 46. Kd2 Rf7 47. h3 Ne3 48. c6 Rf6 49. c7 Rc6 50. Ke2
Ke5 51. Bxd4+ Kxd4 52. Rh4+ Ng4 53. hxg4 f4 54. Rxh6 Rxc7 55. Kd2 Rb7 56.
Rd6+ Ke5 57. Ra6 Rb2+ 58. Kc3 Rxa2 59. Ra5+ Ke6 60. Rf5 Rf2 61. Kb4 Rd2 62.
Kc3 Rf2 63. Ra5 Rg2 64. Rxa4 1/2-1/2

[Event "Young Stars of the World"]
[Site "Kirishi RUS"]
[Date "2005.05.24"]
[Round "10"]
[White "Khairullin,I"]
[Black "Negi,P"]
[Result "1-0"]
[WhiteElo "2517"]
[BlackElo "2349"]
[EventDate "2005.05.14"]

1. e4 c5 2. Ne2 e6 3. d4 cxd4 4. Nxd4 a6 5. Nc3 Qc7 6. Bd3 Nf6 7. O-O Nc6
8. Nxc6 bxc6 9. f4 d5 10. Qf3 Bb7 11. b3 Bc5+ 12. Be3 Qb6 13. Nd1 O-O 14.
e5 Nd7 15. Qh3 g6 16. Kh1 Rae8 17. Rf3 f5 18. exf6 Nxf6 19. Qh6 Ne4 20.
Bxe4 dxe4 21. Rh3 Rf7 22. Bxc5 Qxc5 23. Ne3 Qf8 24. Ng4 Qg7 25. Rf1 e5 26.
Qg5 Kh8 27. f5 gxf5 28. Nh6 Rff8 29. Qxg7+ Kxg7 30. Nxf5+ Kh8 31. Ne3 Rxf1+
32. Nxf1 Rd8 33. Kg1 Rd1 34. Kf2 a5 35. Re3 c5 36. Re1 Rd4 37. Ke3 c4 38.
Ng3 cxb3 39. axb3 a4 40. Nf5 Rd7 41. bxa4 Kg8 42. Rb1 Bc6 43. a5 Kf7 44.
Rb6 Rc7 45. c4 Ke6 46. g4 Kd7 47. a6 Ba8 48. Nd6 Rc5 49. Rb8 Bc6 50. Nb7
Rxc4 51. a7 Rc3+ 52. Kd2 Rd3+ 53. Ke2 Ra3 54. a8=Q Rxa8 55. Rxa8 Bxb7 56.
Rh8 1-0

[Event "Young Stars of the World"]
[Site "Kirishi RUS"]
[Date "2005.05.24"]
[Round "10"]
[White "Lintchevski,D"]
[Black "Mamedov,Rau"]
[Result "0-1"]
[WhiteElo "2269"]
[BlackElo "2511"]
[EventDate "2005.05.14"]

1. e4 c5 2. Nf3 d6 3. d4 Nf6 4. Nc3 cxd4 5. Nxd4 g6 6. Be3 Bg7 7. f3 Nc6 8.
Qd2 O-O 9. O-O-O d5 10. exd5 Nxd5 11. Nxc6 bxc6 12. Bd4 e5 13. Bc5 Be6 14.
Ne4 Re8 15. h4 h6 16. g4 Qc7 17. Bc4 Red8 18. Qf2 f5 19. gxf5 gxf5 20. Ng3
Qf7 21. Rhg1 Nf4 22. Bxe6 Qxe6 23. b3 e4 24. Bd4 Rxd4 25. Rxd4 Nh3 26. Nh5
Nxf2 27. Rxg7+ Kf8 28. Rdd7 exf3 29. Nf4 Qe1+ 30. Kb2 Nd1+ 31. Kb1 Ne3+ 32.
Kb2 Nc4+ 0-1

[Event "Young Stars of the World"]
[Site "Kirishi RUS"]
[Date "2005.05.24"]
[Round "10"]
[White "Kuzubov,Y"]
[Black "Zhigalko,S"]
[Result "1-0"]
[WhiteElo "2558"]
[BlackElo "2462"]
[EventDate "2005.05.14"]

1. d4 Nf6 2. Nf3 e6 3. Bg5 c5 4. c3 h6 5. Bxf6 Qxf6 6. e4 cxd4 7. cxd4 Bb4+
8. Nc3 Nc6 9. a3 Bxc3+ 10. bxc3 d5 11. Bd3 dxe4 12. Bxe4 O-O 13. O-O e5 14.
d5 Na5 15. Qa4 b6 16. Rfe1 g6 17. d6 Bb7 18. d7 Bc6 19. Bxc6 Qxc6 20. Qxc6
Nxc6 21. Nxe5 Nxe5 22. Rxe5 Rfd8 23. Re7 Kg7 24. Rae1 Rab8 25. Re8 Kf6 26.
a4 a5 27. h4 Ra8 28. g4 Rab8 29. Kg2 Ra8 30. Kg3 Rab8 31. f4 Ra8 32. g5+
hxg5 33. hxg5+ Kg7 34. c4 Rab8 35. Kg4 Ra8 36. f5 gxf5+ 37. Kxf5 Rab8 38.
Rxd8 Rxd8 39. Rd1 1-0

[Event "Young Stars of the World"]
[Site "Kirishi RUS"]
[Date "2005.05.25"]
[Round "11"]
[White "Nepomniachtchi,I"]
[Black "Khairullin,I"]
[Result "1/2-1/2"]
[WhiteElo "2505"]
[BlackElo "2517"]
[EventDate "2005.05.14"]

1. e4 c5 2. c3 Nf6 3. e5 Nd5 4. d4 cxd4 5. Nf3 Nc6 6. Bc4 Nb6 7. Bb3 g6 8.
cxd4 Bg7 9. d5 Nxe5 10. Nxe5 Bxe5 11. Bh6 d6 12. Nc3 Nd7 13. f4 Bf6 14. Ne4
Qb6 15. Qe2 Qb4+ 16. Kf2 Bd4+ 17. Kg3 f5 18. Nc3 Bxc3 19. bxc3 Qxc3+ 20.
Kh4 Nc5 21. Rac1 Qa5 22. Rxc5 Qxc5 23. Re1 Qc7 24. Qb2 Rg8 25. Qf6 Kd8 26.
Qf7 Re8 27. Bg5 b5 28. Rxe7 Qxe7 29. Qxh7 Bd7 30. Bxe7+ Rxe7 31. Qh8+ Re8
32. Qf6+ Kc7 33. Qc3+ Kb7 34. Qb4 Kc7 35. Qa5+ Kb7 1/2-1/2

[Event "Young Stars of the World"]
[Site "Kirishi RUS"]
[Date "2005.05.25"]
[Round "11"]
[White "Zhigalko,S"]
[Black "Sjugirov,S"]
[Result "1-0"]
[WhiteElo "2462"]
[BlackElo "2381"]
[EventDate "2005.05.14"]

1. e4 c5 2. c3 Nf6 3. e5 Nd5 4. Nf3 Nc6 5. Bc4 Nb6 6. Bb3 d6 7. exd6 c4 8.
Bc2 e5 9. O-O Bxd6 10. d3 cxd3 11. Qxd3 h6 12. Rd1 Be7 13. Qe4 Qc7 14. Nh4
Be6 15. Nf5 Bf8 16. Na3 a6 17. Bb3 Bxb3 18. axb3 g6 19. Ne3 Bg7 20. Nec4
Nxc4 21. Nxc4 O-O 22. Be3 Rfd8 23. Bb6 Rxd1+ 24. Rxd1 Qe7 25. Qd5 Bf8 26.
h3 Re8 27. Nd6 Qxd6 28. Qxd6 Bxd6 29. Rxd6 Re7 30. Bc5 Rc7 31. b4 Kg7 32.
Kf1 Ne7 33. Ke2 f6 34. Rd8 Nc6 35. Rd6 Kf7 36. Kd3 f5 37. f3 h5 38. Ke2 Ne7
39. Bf2 Nc6 40. Bh4 Kg7 41. Bg5 Kf7 42. Kd2 Kg7 43. Ke2 Kf7 44. g4 hxg4 45.
hxg4 Ne7 46. Rf6+ Kg7 47. Re6 Nd5 48. Kf2 Nf4 49. Bxf4 exf4 50. g5 Rd7 51.
Ke2 Kf7 52. Rf6+ Kg7 53. Rb6 Kf7 54. c4 Kg7 55. c5 Kf7 56. b3 Kg7 57. b5
axb5 58. Rxb5 Kf7 59. Rb6 Kg7 60. b4 Kf7 61. b5 Kg7 62. c6 bxc6 63. Rxc6
Kf7 64. b6 Rd4 65. Ke1 Rd5 66. Ke2 Rd4 67. Rc7+ Ke6 68. Rg7 Rb4 69. Rxg6+
Kd5 70. Rf6 Kd4 71. g6 Rb2+ 72. Kd1 Ke3 73. g7 1-0

[Event "Young Stars of the World"]
[Site "Kirishi RUS"]
[Date "2005.05.25"]
[Round "11"]
[White "Andreikin,D"]
[Black "Kuzubov,Y"]
[Result "1-0"]
[WhiteElo "2495"]
[BlackElo "2558"]
[EventDate "2005.05.14"]

1. d4 Nf6 2. Nf3 e6 3. c4 b6 4. g3 Bb7 5. Bg2 Be7 6. Nc3 Ne4 7. Nxe4 Bxe4
8. O-O O-O 9. b3 d5 10. Bb2 Bf6 11. e3 c5 12. Qe2 dxc4 13. Qxc4 Qd5 14.
Qxd5 Bxd5 15. Rac1 Rd8 16. Ba3 cxd4 17. Nxd4 Bxg2 18. Kxg2 Bxd4 19. Rfd1
Na6 20. Rxd4 Rxd4 21. exd4 Rd8 22. Be7 Re8 23. Bd6 h5 24. Kf3 Rd8 25. Rc6
Kh7 26. a4 Kg6 27. Ke4 Nb8 28. Bxb8 Rxb8 29. d5 Kf6 30. f4 g6 31. b4 Rd8
32. d6 Rg8 33. Rc7 Rd8 34. Rc6 Rg8 35. Rc7 Rd8 36. Rxa7 Rxd6 37. Ra6 Rc6
38. Kd3 Rd6+ 39. Kc4 Rd2 40. Rxb6 Rxh2 41. a5 Rc2+ 42. Kd4 Ra2 43. a6 h4
44. gxh4 Kf5 45. Rb5+ 1-0